The division of heaven and earth on tibet's peaceful revolution shokdung / (Record no. 152094)

MARC details
000 -LEADER
fixed length control field 00649nam a22001937a 4500
005 - DATE AND TIME OF LATEST TRANSACTION
control field 20180706165539.0
010 ## - LCCN (DPL NO)
LC control number ENG-123036
020 ## - INTERNATIONAL STANDARD BOOK NUMBER
Terms of availability 499.00
International Standard Book Number 9789386582133
035 ## - SYSTEM CONTROL NUMBER
System control number EN-106568
037 ## - SOURCE OF ACQUISITION
Source of stock number/acquisition DBAD/PUB
082 ## - DEWEY DECIMAL CLASSIFICATION NUMBER
Classification number 951.5061
245 ## - TITLE STATEMENT
Title The division of heaven and earth on tibet's peaceful revolution shokdung /
Statement of responsibility, etc translated by Matthew Akester
260 ## - PUBLICATION, DISTRIBUTION, ETC. (IMPRINT)
Place of publication, distribution, etc New Delhi
Name of publisher, distributor, etc Speaking Tiger
Date of publication, distribution, etc 2016
270 ## - ADDRESS
Address 4381/4, Ansari Road, Daryagang,
City New Delhi
Postal code 110002
300 ## - PHYSICAL DESCRIPTION
Extent xliii, 162p.
Dimensions 21cm(Hb)
500 ## - GENERAL NOTE
General note It include bibliography and index
700 ## - ADDED ENTRY--PERSONAL NAME
Personal name Akester, Matthew
942 ## - ADDED ENTRY ELEMENTS (KOHA)
Source of classification or shelving scheme Dewey Decimal Classification
Item type English Books
Call number suffix DIV
Classification part 951.5061
Holdings
Withdrawn status Lost status Not for loan Collection code Home library Current library Date acquired Source of acquisition Cost, normal purchase price Full call number Barcode Copy number Cost, replacement price Koha item type
    Not For Loan Non-fiction D.B.Act.Division Patel Nagar 16/05/2018 DBAD/PUB 499.00 951.5061 DIV EN-106568 1 499.00 English Books

© Delhi Public Library
Hit Counter
free hit counter